Statistics for 10 Largest Cities in Hawaii🌴🏖

Click here to take the quiz!

General Stats

  • This quiz has been taken 15 times
  • The average score is 5 of 10

Answer Stats

PopulationIslandCity% Correct
351,554OahuHonolulu
100%
46,559HawaiiHilo
86%
45,941OahuPearl City
71%
50,076OahuEast Honolulu
57%
27,938MauiKahului
36%
40,402OahuKailua
36%
28,125OahuEwa Gentry
21%
39,927OahuWaipahu
21%
27,974OahuMililani Town
14%
34,509OahuKaneohe
7%

Score Distribution

Percentile by Number Answered

Percent of People with Each Score

Your Score History

You have not taken this quiz